Premchand ki upanyas kala (Record no. 148587)
[ view plain ]
| 000 -LEADER | |
|---|---|
| fixed length control field | 00665nam a2200229Ia 4500 |
| 003 - CONTROL NUMBER IDENTIFIER | |
| control field | OSt |
| 005 - DATE AND TIME OF LATEST TRANSACTION | |
| control field | 20250218111654.0 |
| 008 - FIXED-LENGTH DATA ELEMENTS--GENERAL INFORMATION | |
| fixed length control field | 210210b1941 xxu||||| |||| 00| 0 eng d |
| 040 ## - CATALOGING SOURCE | |
| Transcribing agency | AL |
| 041 ## - LANGUAGE CODE | |
| Language code of text/sound track or separate title | Hindi |
| 082 ## - DEWEY DECIMAL CLASSIFICATION NUMBER | |
| Classification number | 864/82 |
| 100 ## - MAIN ENTRY--PERSONAL NAME | |
| Personal name | PRASAD (Janardhan Jha) |
| Dates associated with a name | प्रसाद जनार्दन झा |
| 9 (RLIN) | 200605 |
| 245 ## - TITLE STATEMENT | |
| Title | Premchand ki upanyas kala |
| Remainder of title | प्रेमचंद की उपन्यास - कला |
| 260 ## - PUBLICATION, DISTRIBUTION, ETC. | |
| Place of publication, distribution, etc. | BihAr |
| Name of publisher, distributor, etc. | - |
| Date of publication, distribution, etc. | 1941 |
| 650 ## - SUBJECT ADDED ENTRY--TOPICAL TERM | |
| Topical term or geographic name entry element | upanyas |
| 9 (RLIN) | 200606 |
| 650 ## - SUBJECT ADDED ENTRY--TOPICAL TERM | |
| Topical term or geographic name entry element | Premchand |
| 9 (RLIN) | 200607 |
| 650 ## - SUBJECT ADDED ENTRY--TOPICAL TERM | |
| Topical term or geographic name entry element | ki |
| 9 (RLIN) | 200608 |
| 650 ## - SUBJECT ADDED ENTRY--TOPICAL TERM | |
| Topical term or geographic name entry element | kala |
| 9 (RLIN) | 200609 |
| 690 ## - LOCAL SUBJECT ADDED ENTRY--TOPICAL TERM (OCLC, RLIN) | |
| Topical term or geographic name as entry element | Hindi Criticism |
| 9 (RLIN) | 200610 |
| 906 ## - LOCAL DATA ELEMENT F, LDF (RLIN) | |
| a | 023618 |
| 942 ## - ADDED ENTRY ELEMENTS (KOHA) | |
| Source of classification or shelving scheme | Dewey Decimal Classification |
| Koha item type | Back Issues |
| Withdrawn status | Lost status | Source of classification or shelving scheme | Damaged status | Not for loan | Collection code | Home library | Current library | Date acquired | Cost, normal purchase price | Total Checkouts | Full call number | Barcode | Date last seen | Price effective from | Koha item type |
|---|---|---|---|---|---|---|---|---|---|---|---|---|---|---|---|
| Dewey Decimal Classification | Hindi | St Aloysius Library | St Aloysius Library | 02/17/2021 | 0.00 | 864/82 | 023618 | 02/17/2021 | 02/17/2021 | Book |